Normal view MARC view

Entry Topical Term

Number of records used in: 1

001 - CONTROL NUMBER

  • control field: 857737

003 - CONTROL NUMBER IDENTIFIER

  • control field: OSt

005 - DATE AND TIME OF LATEST TRANSACTION

  • control field: 20251218114440.0

008 - FIXED-LENGTH DATA ELEMENTS

  • fixed length control field: 251218|| aca||aabn | a|a d

040 ## - CATALOGING SOURCE

  • Original cataloging agency: OSt
  • Transcribing agency: OSt

150 ## - HEADING--TOPICAL TERM

  • Topical term or geographic name entry element: राजस्थानी साहित्य

670 ## - SOURCE DATA FOUND

  • Source citation: Work cat.: (OSt)349819: शर्मा, भगवती लाल 857736, ढोला मारू रा दूहा में काव्य - सौष्ठव, संस्कृति एवं इतिहास, 1970.
Copyright @ Delhi University Library System